[Event "Chojnice op-B"]
[Site "Chojnice"]
[Date "2009.07.15"]
[Round "6"]
[White "Zhuk, Dmitry"]
[Black "Jastrzebski, Wlodzimierz"]
[Result "1-0"]
[WhiteElo "2100"]
[BlackElo "1829"]
[PlyCount "49"]
[EventDate "2009.07.11"]
[EventType "swiss"]
[EventRounds "9"]
[EventCountry "POL"]
[SourceTitle "EXT 2011"]
[Source "ChessBase"]
[SourceDate "2010.11.26"]
[SourceVersion "1"]
[SourceVersionDate "2010.11.26"]
[SourceQuality "1"]

1. e4 c5 2. c3 d6 3. d4 cxd4 4. cxd4 e6 5. Nc3 g6 6. Nf3 Bg7 7. d5 Bxc3+ 8. bxc3 exd5 9. Qxd5 Nf6 10. Qd4 Qe7 11. Bd3 Nc6 12. Qa4 Nd5 13. 0-0 Nb6 14. Qc2 0-0 15. Re1 Ne5 16. Nxe5 dxe5 17. c4 Re8 18. Qd2 Be6 19. Qc3 Bxc4 20. a4 Bxd3 21. a5 Na4 22. Rxa4 b6 23. axb6 axb6 24. Rxa8 Rxa8 25. Qxd3 1-0

[Event "Chojnice op-B"]
[Site "Chojnice"]
[Date "2009.07.14"]
[Round "5"]
[White "Chojnowski, Robert"]
[Black "Zhuk, Dmitry"]
[Result "0-1"]
[WhiteElo "1638"]
[BlackElo "2100"]
[PlyCount "70"]
[EventDate "2009.07.11"]
[EventType "swiss"]
[EventRounds "9"]
[EventCountry "POL"]
[SourceTitle "EXT 2011"]
[Source "ChessBase"]
[SourceDate "2010.11.26"]
[SourceVersion "1"]
[SourceVersionDate "2010.11.26"]
[SourceQuality "1"]

1. e4 e6 2. d4 d5 3. e5 c5 4. c3 Nc6 5. a3 Qb6 6. Nf3 Nge7 7. b4 cxd4 8. cxd4 Nf5 9. Be3 Be7 10. Nc3 0-0 11. Bd3 Nxe3 12. fxe3 a6 13. 0-0 f6 14. Na4 Qc7 15. Qc2 h6 16. Bg6 Bd7 17. Nc5 b6 18. Nxd7 Qxd7 19. exf6 Bxf6 20. Rac1 Rac8 21. Qd3 Ne7 22. Bh5 a5 23. bxa5 bxa5 24. Bg4 Qd6 25. Nd2 Rb8 26. Rc5 Ra8 27. Rfc1 e5 28. dxe5 Bxe5 29. g3 Bxg3 30. Nf1 Bxh2+ 31. Nxh2 Qg3+ 32. Kh1 Rf2 33. Be6+ Kh8 34. Rc8+ Rxc8 35. Rxc8+ Nxc8 0-1